[Event "Marienske Lazne op 15th"]
[Site "Marianske Lazne"]
[Date "2016.01.19"]
[Round "5"]
[White "Straczek, Wiktoria"]
[Black "Horackova, Isabela"]
[Result "0-1"]
[WhiteElo "1015"]
[BlackElo "1107"]
[PlyCount "58"]
[EventDate "2016.01.16"]
[EventType "swiss"]
[EventRounds "9"]
[EventCountry "CZE"]
[SourceTitle "CBM 170 Extra"]
[Source "ChessBase"]
[SourceDate "2016.02.25"]
[SourceVersion "1"]
[SourceVersionDate "2016.02.25"]
[SourceQuality "1"]

1. d4 d5 2. Nf3 Nf6 3. e3 c6 4. Bd3 Bg4 5. h3 Bh5 6. b3 e6 7. Bb2 Bd6 8. Be2 h6 9. 0-0 Qe7 10. Ne5 Bxe2 11. Qxe2 Ne4 12. Nd2 Nxd2 13. Qxd2 Nd7 14. f4 Nf6 15. Qe2 Ne4 16. Qg4 Rg8 17. f5 Nf6 18. Qg3 0-0-0 19. Qe1 Ne4 20. Qa5 a6 21. Qb6 Bc7 22. Qa7 Qd6 23. a4 f6 24. Ba3 c5 25. dxc5 Qxe5 26. Rfe1 Qh2+ 27. Kf1 Qh1+ 28. Ke2 Qxg2+ 29. Kd3 Qd2# 0-1